Statistics for Histories Dictators

Click here to take the quiz!

General Stats

  • This quiz has been taken 45 times
    (23 since last reset)
  • The average score is 30 of 60

Answer Stats

LeaderCountry% Correct
Napoleon BonaparteFrance
100%
Adolf HitlerGermany
94%
Benito MussoliniItaly
94%
Fidel CastroCuba
88%
Fulgencio BatistaCuba
88%
Hideki TojoJapan
88%
Joseph StalinUSSR
88%
Leonid BrezhnevUSSR
88%
Hu JintaoChina
81%
Mao ZedongChina
81%
Kim Il-sungNorth Korea
81%
Kim Jong-unNorth Korea
81%
Kim Jong-ilNorth Korea
81%
Hu SenCambodia
75%
Pol PotCambodia
75%
Saddam HusseinIraq
75%
Ion Victor AntonescuRomania
75%
Nicolae CeausescuRomania
75%
Hafez al-AssadSyria
75%
Bashar al-AssadSyria
75%
Francisco FrancoSpain
69%
Ho Chi MinhVietnam
69%
Muammar al-GaddafiLibya
63%
Idi AminUganda
63%
Augsuto PinochetChile
50%
Ruhollah KhomeiniIran
50%
Antonio de Oliveira SalazarPortugal
50%
Nikita KhrushchevUSSR
50%
Ante PavelicCroatia
44%
Jean Claude DuvalierHaiti
44%
Francois DuvalierHaiti
44%
wojciech JaruzelskiPoland
44%
Omar al-BashirSudan
44%
Robert MugabeZimbabwe
44%
Jorge Rafael VidelaArgentina
38%
Leopoldo GaltieriArgentina
38%
Pedro Eugenio Aramburu SilvetiArgentina
38%
Ne WinBurma ( Myanmar)
38%
Mengistu Haile MariamEthiopia
38%
CaligulaRoman empire
38%
Yahya KhanPakistan
31%
Pervez MusharrafPakistan
31%
Ferdinand MarcosPhilippines
31%
Than ShweBurma ( myanmar)
25%
Alberto FujimoriPeru
25%
Vlad the impalerWallachia
25%
Getulio VargasBrazil
19%
Anastasio Somoza DebayleNicaragua
19%
Anastasio Somoza GarciaNicaragua
19%
Chiang Kai-shekRepublic of China
19%
Juvenal HabyarimanaRwanda
19%
Plaek PhibunsongkhramThailand
19%
Gustavo Rojas PinillaColombia
13%
Mobutu Sese SekoDemocratic Republic of the Congo
13%
Mahathir bin MohamadMalaysia
13%
Sani AbachaNigeria
13%
Hissene HabreChad
6%
Teodoro Obiang Nguema MbasogoEquatorial Guinea
6%
Ziaur RahmanBangladesh
0%
Slobodan MilosevicSerbia, Yugoslavia
0%

Score Distribution

Percentile by Number Answered

Percent of People with Each Score

Your Score History

You have not taken this quiz since the last reset